State of the adivasis in Odisha 2014: (Record no. 85092)

MARC details
000 -LEADER
fixed length control field 01212nam a22002297a 4500
005 - DATE AND TIME OF LATEST TRANSACTION
control field 20140616155940.0
010 ## - LCCN (DPL NO)
LC control number ENG-110212
020 ## - INTERNATIONAL STANDARD BOOK NUMBER
International Standard Book Number 9788132117698
Terms of availability 750.00
035 ## - SYSTEM CONTROL NUMBER
System control number EN-93744
037 ## - SOURCE OF ACQUISITION
Source of stock number/acquisition DBAD/PUB
082 ## - DEWEY DECIMAL CLASSIFICATION NUMBER
Classification number 305.800954133
245 ## - TITLE STATEMENT
Title State of the adivasis in Odisha 2014:
Remainder of title a human development analysis /
Statement of responsibility, etc edited by Harishwar Dayal...[et al]
260 ## - PUBLICATION, DISTRIBUTION, ETC. (IMPRINT)
Place of publication, distribution, etc New Delhi
Name of publisher, distributor, etc SAGE Publications
Date of publication, distribution, etc 2014
270 ## - ADDRESS
Address B1/I-1 Mohan Cooperative Industrial Area Mathura Road
City New Delhi
Postal code 110044
300 ## - PHYSICAL DESCRIPTION
Extent xxv,101p.
Dimensions 28cm(pbk)
500 ## - GENERAL NOTE
General note Includes bibliographical references and index
505 ## - FORMATTED CONTENTS NOTE
Formatted contents note Introduction and overview -- The Adivasis : their land and their life -- Health status -- Education level -- Livelihood patterns of Adivasis in Oodisha -- Poverty among the tribals -- Development induced displacement of the adivasis -- Deprivation, vulnerability and gender inequality of the tribals -- Development initiatives for Adivasis of Odisha -- Conclusions and the way ahead.
650 ## - SUBJECT ADDED ENTRY--TOPICAL TERM
Topical term or geographic name as entry element Rural poor
General subdivision Employment
Geographic subdivision India
-- Orissa.
650 ## - SUBJECT ADDED ENTRY--TOPICAL TERM
Topical term or geographic name as entry element Adivasis
Geographic subdivision India
-- Orissa
General subdivision Social conditions.
700 ## - ADDED ENTRY--PERSONAL NAME
Personal name Dayal, Harishwar
942 ## - ADDED ENTRY ELEMENTS (KOHA)
Source of classification or shelving scheme Dewey Decimal Classification
Item type English Books
Call number suffix STA
Classification part 305.800954133
Holdings
Withdrawn status Lost status Not for loan Collection code Home library Current library Date acquired Source of acquisition Cost, normal purchase price Full call number Barcode Copy number Cost, replacement price Koha item type
    Not For Loan Non-fiction D.B.Act.Division D.B.Act.Division 12/06/2014 ENG-110212 750.00 305.800954133 STA EN-93744 1 750.00 English Books

© Delhi Public Library
Hit Counter
free hit counter